Princípy európskeho práva poistnej zmluvy
Perspektívy európskeho súkromného poistného práva. Unifikácia vzťahov v podmienkach EÚ. PEICL (Principles of European Insurance Contract Law), ustanovenia a využitie. Proces europeizácie poistného práva. Vplyv a vývoj na Slovensku.
Enregistré dans:
| Auteur principal: | |
|---|---|
| Format: | Chapitre de livre |
| Langue: | slovaque |
| Sujets: | |
| Tags: |
Pas de tags, Soyez le premier à ajouter un tag!
|
MARC
| LEADER | 00000naa$a2200000$$$4500 | ||
|---|---|---|---|
| 001 | 0116628 | ||
| 005 | 20231107122617.9 | ||
| 041 | 0 | |a slo | |
| 044 | |a SK | ||
| 245 | 1 | 0 | |a Princípy európskeho práva poistnej zmluvy |c Imrich Fekete |
| 520 | |a Perspektívy európskeho súkromného poistného práva. Unifikácia vzťahov v podmienkach EÚ. PEICL (Principles of European Insurance Contract Law), ustanovenia a využitie. Proces europeizácie poistného práva. Vplyv a vývoj na Slovensku. | ||
| 610 | 2 | 0 | |a Slovensko |
| 610 | 2 | 0 | |a Európa |
| 610 | 2 | 0 | |a trh poistný |
| 610 | 2 | 0 | |a právo poistné |
| 610 | 2 | 0 | |a podmienky poistné |
| 610 | 2 | 0 | |a úpravy právne |
| 610 | 2 | 0 | |a zmluvy poistné |
| 610 | 2 | 0 | |a smernice |
| 100 | 1 | |a Fekete, Imrich | |